000 01959cam a2200517 a 4500
001 21723
003 VRT
005 20260309103114.0
008 240315s2009 xo a b 000 j slo
015 _aSNBA2010/01-00176
020 _a9788080893125
_q(viaz.)
035 _a7EC3F6A5-1D85-4930-A710-8FB07C291F79
035 _aurn:nbn:sk:snk-amjwff
035 _aurn:nbn:sk:snk-am007xrf
039 9 _a202403151735
_bVLOAD
_c202202081508
_dAUTHORITY
_c202202061233
_dAUTHORITY
_c202202061219
_dAUTHORITY
040 _aSKPK
_bslo
_cSKPK
_dSNK
_eAACR2
041 1 _aslo
_heng
044 _axo
_cSK
072 7 _a821.111-3
_xAnglická próza, anglicky písaná
_2konspekt
072 7 _a821-93
_xLiteratúra pre deti a mládež
_2konspekt
080 _a821.111(410.5)-32
_22001
080 _a821-93
_22001
080 _a(0:82-321.3)
_22001
100 1 _aStevenson, Robert Louis,
_d1850-1894
_4aut
240 1 0 _aTreasure island
_lSlovensky
245 1 0 _aOstrov pokladov
_cRobert Louis Stevenson ; ilustroval Tony Wolf ; [text adaptácie Elisabetta Dami ; z anglického originálu preložila Mária Havranová]
250 _a1. vyd.
260 _aBratislava
_bFragment
_c2009
300 _a43 s.
_bfareb. ilustr.
_c30 cm
490 1 _aDobrodružné čítanie
521 _aPre deti od 5 rokov
655 7 _aškótske príbehy (anglicky)
_2SNKPH
655 7 _adobrodružné príbehy
_2SNKPH
655 7 _apublikácie pre deti
_2SNKPH
700 1 _aWolf, Tony,
_d1930-2018
_4ill
700 1 _aHavranová, Mária
_c(prekladateľka)
_4trl
700 1 _aDami, Elisabetta,
_d1958-
_4aut
830 0 _aDobrodružné čítanie
942 _2ddc
_cKLDE
_n0
949 _63869A13660
_abpksh821.111(410)-32
_bbpksh63448
949 _6273K0509650
_asvkpoC 49963
_bsvkpo518112
949 _617A0638246
_asnkSB 78578
_bsnk2009/20321
_o2231/09
_s6100:20140925
949 _617A0638247
_asnkSB 78578 D1
_bsnk2009/20322
_o2231/09
980 _a821.111(410.5)-32
980 _a821-93
999 _c21723
_d21723